Normal view
MARC view
Entry Personal Name
001 - CONTROL NUMBER
- control field: 23934
003 - CONTROL NUMBER IDENTIFIER
- control field: OSt
005 - DATE AND TIME OF LATEST TRANSACTION
- control field: 20210423145351.0
008 - FIXED-LENGTH DATA ELEMENTS
- fixed length control field: 210423|| aca||aabn | a|a d
040 ## - CATALOGING SOURCE
- Original cataloging agency: OSt
- Transcribing agency: OSt
100 ## - HEADING--PERSONAL NAME
- Personal name: Sinha, Bobby Luthra. and Singh Anand
670 ## - SOURCE DATA FOUND
- Source citation: Work cat.: (OSt)515412: Sinha, Bobby Luthra. and Singh Anand, Embodying a preparedness to die: Why bishnois of western Rajasthan rise in defence of the blackbuck and the Chinkara?
